| 000 | 01203nam a22002057a 4500 | ||
|---|---|---|---|
| 999 |
_c63476 _d63476 |
||
| 003 | Ge_BSU | ||
| 005 | 20251016194949.0 | ||
| 008 | 251016s1980 ge ||||| |||| 00| 0 geo d | ||
| 041 | _ageo | ||
| 080 | _a369.2/8(479.22) ბ-13 | ||
| 100 |
_aბაბკინი, ვ. _926042 |
||
| 245 |
_aკომენტარი დებულებისა სახელმწიფო პენსიის დანიშვნისა და გაცემის წესის შესახებ / _cბ. ბაბკინი, გ. სმირნოვა; საქ. სსრ სოც. უზრუნველყოფის სამინისტრო. |
||
| 264 |
_aთბ. : _bსაბჭ. საქართველო, _c1980. |
||
| 300 |
_a822გვ. ; _b22სმ. |
||
| 501 | _aანბ.-საგნ. საძიებელი: გვ. 805-821. | ||
| 653 | _aსახელმწიფო პენსიები საქართველოში | ||
| 700 |
_aსმირნოვა, გ. _eავტორი _926043 |
||
| 710 |
_aსაქ. სსრ სოც. უზრუნველყოფის სამინისტრო _926044 |
||
| 942 |
_2udc _cBK |
||